| 000 | 02110nam a2200181Ia 4500 | ||
|---|---|---|---|
| 008 | 151202s9999||||xx |||||||||||||| ||und|| | ||
| 082 | _bPNVM-124828 | ||
| 100 | _a वझे आत्माराम महादेव स्वरमाला सोसा ब अभिनव जवळ कर्वे रोड पुणे ४११ ००४. | ||
| 245 | _aविविधा गीता खंड ३ ऋभुगीता १-२-३ विष्णुपुराण - शिवरहस्य- गुरुज्ञानवासिष्ठ -ऋषभगीता - ऐलगीता- ओंकारगीता मूळ संस्कृत संहिता आणि मराठी अर्थ | ||
| 260 | _b"गीता धर्म मंडळ गीताभवन, ११४१ सदाशिव पेठ, ल ब भोपटकर मार्ग , पुणे ४११ ०३०" | ||
| 260 | _c0 | ||
| 300 | _a354 | ||
| 600 | _a वझे आत्माराम महादेव स्वरमाला सोसा ब अभिनव जवळ कर्वे रोड पुणे ४११ ००४. | ||
| 630 | _aविविधा गीता खंड ३ ऋभुगीता १-२-३ विष्णुपुराण - शिवरहस्य- गुरुज्ञानवासिष्ठ -ऋषभगीता - ऐलगीता- ओंकारगीता मूळ संस्कृत संहिता आणि मराठी अर्थ | ||
| 700 | _a वझे आत्माराम महादेव स्वरमाला सोसा ब अभिनव जवळ कर्वे रोड पुणे ४११ ००४. | ||
| 730 | _aविविधा गीता खंड ३ ऋभुगीता १-२-३ विष्णुपुराण - शिवरहस्य- गुरुज्ञानवासिष्ठ -ऋषभगीता - ऐलगीता- ओंकारगीता मूळ संस्कृत संहिता आणि मराठी अर्थ | ||
| 942 | _cBOOK | ||
| 999 |
_c1354955 _d1354952 |
||